000 00872 a2200181 4500
999 _c332314
_d332314
003 NUST
005 20171123111653.0
008 171123b xxu||||| |||| 00| 0 eng d
020 _a0143029894
040 _aDLC
_bDLC
_c0
082 _a954 THA
100 _aThapar, Romila.
_96739
245 _aThe Penguin History of Early India:
_cRomila,Thapar
_b from the origins to AD 1300
260 _aNew Delhi:
_bPenguin Books,
_c 2002.
300 _axxx, 556 p. ;
_c25 cm.
500 _aIncludes Index
501 _aP.B
650 _a1.India --History --To 324 B.C. 2.India --History --324 B.C.-1000 A.D. 3.India --History --1000-1526.
_96740
942 _cBK
_kIESE
_2ddc